Statistics for European Countries With The Most Prisoners

Click here to take the quiz!

General Stats

  • This quiz has been taken 63 times
  • The average score is 17 of 18

Answer Stats

Total# / 100KCountry% Correct
62,991119France
100%
55,430113Spain
100%
87,534130United Kingdom
100%
53,93291Italy
98%
471,490326Russia
98%
58,00470Germany
95%
57,368148Ukraine
95%
11,001103Greece
93%
76,099192Poland
93%
11,603113Portugal
92%
10,33395Sweden
92%
22,921120Romania
90%
32,556345Belarus
89%
16,752172Hungary
89%
8,13293Bulgaria
87%
10,80893Belgium
84%
10,598154Serbia
84%
18,969177Czech Republic
75%

Score Distribution

Percentile by Number Answered

Percent of People with Each Score

Your Score History

You have not taken this quiz